Largest States by Population - Bar Chart Quiz - Statistics

General Stats
  • This quiz has been taken 806 times
    454 since last reset
  • The average score is 13 of 15
Answers on the Map
Answers color-coded by a green-red scale on the quiz's map according to % correct below.
 
Answer Stats
State % Correct
California
99%
New York
98%
Texas
98%
Florida
96%
Ohio
87%
Illinois
86%
Pennsylvania
85%
Georgia
84%
Michigan
84%
Washington
81%
North Carolina
80%
Virginia
77%
Arizona
76%
Massachusetts
71%
New Jersey
70%
No matching quizzes found
Score Distribution
Percent of People with Each Score
Percentile by Number Answered
Your Score History
You have not taken this quiz since the last reset